Marcatori del Portogallo ai Mondiali - Corea del Sud-Giappone 2002 - Statistics

Statistiche generali
  • Questo quiz è stato fatto 2 volte
  • Il punteggio medio è 3 su 5
Statistiche sulle risposte
Partita Minuto Marcatore % Corretto
Portogallo - Polonia 4-0 88 Rui Costa
100%
Portogallo - Polonia 4-0 14 Pauleta
50%
Portogallo - Polonia 4-0 65 Pauleta
50%
Portogallo - Polonia 4-0 77 Pauleta
50%
Stati Uniti - Portogallo 3-2 39 Beto
0%
Nessun quiz corrispondente trovato
Distribuzione punteggi
Percentuale di utenti per punteggio
Percentile per numero di risposta
I tuoi punteggi nel tempo
Non hai fatto questo quiz